Basic Chemistry for Class 11 (Record no. 1209)

MARC details
000 -LEADER
fixed length control field 00437nam a22001697a 4500
005 - DATE AND TIME OF LATEST TRANSACTION
control field 20160520135703.0
008 - FIXED-LENGTH DATA ELEMENTS--GENERAL INFORMATION
fixed length control field 160520b xxu||||| |||| 00| 0 eng d
020 ## - INTERNATIONAL STANDARD BOOK NUMBER
ISBN 978-81-7708-85-8
041 ## - LANGUAGE CODE
Language code of text/sound track or separate title eng
082 ## - DEWEY DECIMAL CLASSIFICATION NUMBER
Item number 3563
100 ## - MAIN ENTRY--AUTHOR NAME
Personal name Ahluwalia, V Choudhury S & Vaijayanthi B
245 ## - TITLE STATEMENT
Title Basic Chemistry for Class 11
260 ## - PUBLICATION, DISTRIBUTION, ETC. (IMPRINT)
Name of publisher Bharti Bhawan Pub.
Year of publication 2008
300 ## - PHYSICAL DESCRIPTION
Number of Pages 536
650 ## - SUBJECT ADDED ENTRY--TOPICAL TERM
Topical Term DIPLOMA ENGINEERING
942 ## - ADDED ENTRY ELEMENTS (KOHA)
Koha item type Books
Holdings
Lost status Damaged status Collection code Home library Current library Shelving location Date acquired Source of acquisition Cost, normal purchase price Full call number Accession Number Koha item type
    PARAMEDICAL JRU Library JRU Library SHELF-104-A 20/05/2016 PURCHASE 315.00 540 3563 Books
    CS/IT JRU Library JRU Library SHELF-56-G 20/05/2016 PURCHASE 315.00 3563 3564 Books
    CS/IT JRU Library JRU Library SHELF-56-G 20/05/2016 PURCHASE 315.00 3563 3565 Books
    PARAMEDICAL JRU Library JRU Library SHELF-104-A 20/05/2016 PURCHASE 315.00 540 3566 Books
    CS/IT JRU Library JRU Library SHELF-56-G 20/05/2016 PURCHASE 315.00 3563 3567 Books
    CS/IT JRU Library JRU Library SHELF-56-G 20/05/2016 PURCHASE 315.00 3563 3568 Books